Úvod do technické angličtiny pro začátečníky /

Hlavní autor: Gryce, Ralph
Jazyk: Čeština
Angličtina
Vydáno: Brno : Minerva :V. Lošťák, 1939
Fyzický popis: 30 stran ; 21 cm
Language note: Anglický a český text
Knihy
Uloženo v:
LEADER 01037cam a22003132i 4500
001 001950067
003 CZ BrMZK
005 20251008153204.0
007 ta
008 251008s1939 xr fr 000 0 cze d
015 |a cnb000751355 
020 |q (Brožováno) 
035 |a (OCoLC)85624246 
040 |a ABA001  |b cze  |c KLG001  |d ABA001  |d BOA001  |e rda 
041 0 |a cze  |a eng 
100 1 |a Gryce, Ralph  |7 jx20040726027  |4 aut 
245 1 0 |a Úvod do technické angličtiny pro začátečníky /  |c Ralph Gryce 
264 1 |a Brno :  |b Minerva :  |b V. Lošťák,  |c 1939 
264 3 |b Mor. Unie 
300 |a 30 stran ;  |c 21 cm 
336 |a text  |b txt  |2 rdacontent 
337 |a bez média  |b n  |2 rdamedia 
338 |a svazek  |b nc  |2 rdacarrier 
546 |a Anglický a český text 
910 |a BOA001  |b 2-0151.868 
990 |a BK 
991 |b 202510 
996 6 |b BC-2604451  |c 2-0151.868  |l MZK  |r Sklad / do 24 hodin  |n 0  |w 002020884  |u 000010  |a 1  |e BOA001  |j MZK50  |s P 
996 6 |b BC-2604452  |c 2-0151.868  |l MZK  |r Sklad / do 24 hodin  |n 0  |w 002020884  |u 000020  |a 1  |e BOA001  |j MZK50  |s P